[Event "Pereyra Puebla Memorial 03rd"]
[Site "Mendoza"]
[Date "2004.12.17"]
[Round "9"]
[White "Gonzalez, Luis"]
[Black "Duarte, Leonardo"]
[Result "0-1"]
[WhiteElo "2097"]
[BlackElo "2243"]
[PlyCount "92"]
[EventDate "2004.12.11"]
[EventType "swiss"]
[EventRounds "9"]
[EventCountry "ARG"]
[SourceTitle "CBM 103 Extra"]
[Source "ChessBase"]
[SourceDate "2005.01.01"]
[SourceVersion "1"]
[SourceVersionDate "2005.01.01"]
[SourceQuality "1"]

1. e4 c5 2. Nf3 e6 3. d4 cxd4 4. c3 d3 5. Bxd3 d6 6. 0-0 Nc6 7. Bf4 a6 8. a4 Nf6 9. Nbd2 Be7 10. Qe2 0-0 11. Rfd1 e5 12. Be3 d5 13. h3 Qc7 14. Rac1 Kh8 15. Bc2 dxe4 16. Ng5 h6 17. Ngxe4 Nxe4 18. Bxe4 f5 19. Bxc6 Qxc6 20. Nc4 f4 21. Nxe5 Qe4 22. Qh5 fxe3 23. Ng6+ Kg8 24. Nxf8 exf2+ 25. Kxf2 Bxf8 26. Rd8 Qf4+ 27. Ke2 Bg4+ 28. Qxg4 Qxg4+ 29. hxg4 Rxd8 30. Rf1 Be7 31. Rf4 Rd7 32. Rc4 Kf7 33. Rc8 Kg6 34. b4 Kg5 35. b5 axb5 36. axb5 b6 37. Rg8 Bc5 38. Kf3 g6 39. Ke4 Re7+ 40. Kd5 Re3 41. c4 Rd3+ 42. Kc6 Rd4 43. Re8 Rxc4 44. Re5+ Kxg4 45. Rxc5 bxc5 46. b6 Rc2 0-1

[Event "Pereyra Puebla Memorial 03rd"]
[Site "Mendoza"]
[Date "2004.12.11"]
[Round "2"]
[White "Ricardi, Pablo"]
[Black "Gonzalez, Luis"]
[Result "1-0"]
[WhiteElo "2548"]
[BlackElo "2097"]
[PlyCount "47"]
[EventDate "2004.12.11"]
[EventType "swiss"]
[EventRounds "9"]
[EventCountry "ARG"]
[SourceTitle "CBM 103 Extra"]
[Source "ChessBase"]
[SourceDate "2005.01.01"]
[SourceVersion "1"]
[SourceVersionDate "2005.01.01"]
[SourceQuality "1"]

1. e4 c5 2. Nf3 d6 3. d4 cxd4 4. Nxd4 Nf6 5. Nc3 Nc6 6. Bc4 e6 7. Bb3 Be7 8. Be3 0-0 9. Qe2 Qa5 10. 0-0-0 Bd7 11. Rhg1 Rfd8 12. g4 Rac8 13. g5 Ne8 14. h4 Nb4 15. Kb1 d5 16. a3 Na6 17. exd5 e5 18. Ne6 fxe6 19. dxe6 Bc6 20. Rd7 Bxd7 21. exd7+ Kh8 22. dxc8Q Rxc8 23. Qg4 Rd8 24. Qe6 1-0